000 00575nam a2200241 a 4500
001 nice12345678
003 IN_TiNIC
005 20260116011354.0
008 050524s1955 rama grp 000 0 urd
020 _a
_c1.25
082 0 0 _a297.1
_bMAW
100 _aMawdoodi, Abul Ala
245 _aRisala Deeniyat
260 _aRampur
_bMaktaba Jamat-E-Islami
_c1955
300 _a191p.
500 _aincludes index and biblioraphy
505 2 _areference
650 _aIslam-Doctrines
700 1 _aMawdoodi, Abul Ala
902 _bSRS
942 _cBK
999 _c950
_d950